|
|
|
|
| LEADER |
00000nam a2200000 i 4500 |
| 001 |
1/5465 |
| 008 |
960604s1992 eng d |
| 020 |
|
|
|a 0-262-04127-8
|
| 035 |
|
|
|l 10016013
|
| 040 |
|
|
|a GR-MY-UA
|b gre
|e aacr
|
| 041 |
0 |
|
|a eng
|
| 082 |
0 |
|
|a 330
|
| 245 |
1 |
0 |
|a Economic analysis of markets and games :
|b essays in honor of Frank Hahn /
|c Edited by Partha Dasgupta...[et al.]
|
| 260 |
|
|
|a Cambridge :
|b MIT ,
|c 1992
|
| 300 |
|
|
|a 640 p.
|b tables
|
| 504 |
|
|
|a Includes index and bibliographical references
|
| 650 |
0 |
0 |
|a Economics.
|
| 700 |
1 |
|
|a Dasgupta, Partha.
|4 edt
|
| 852 |
|
|
|a INST
|b LESVOS
|e 19960604
|h 330 ECO
|p 005100004436
|q 005100004436
|t BK
|y 0
|
| 909 |
|
|
|a Λ
|b 025681
|